000 01110 a2200217 4500
001 41690
005 20260407155709.0
008 260407a1962 arg spa d
003 AR-UNSa-BCEJYS
040 _aAR-UNSa-BCEJYS
_bspa
_cAR-UNSa-BCEJYS
080 _a347.285
_xReserva. Garantía. Señal (Derecho de retención)
245 1 0 _aDerecho de retención
250 _a2a. ed.
264 1 _aBuenos Aires :
_bEdiciones Depalma
_c1962
300 _a219 p.
_c24 cm.
505 _a1. Sintesís histórica - 2. Definición: su análisis. Elementos del derecho de retención - 3. Campo de aplicación - 4. Casos de aplicación - 5. Caracteres del derecho de retención - 6. Efectos del derecho de retención - 7. Alcance del derecho de retención - 8. Cómo se extingue el derecho de retención - 9. Fundamento del derecho de retención - 10. Naturaleza jurídica del derecho de retención - 11. Ubicación del derecho de retención en el sistema legal - 12. Críticas al derecho de retención
041 _aspa
942 _cBK
590 _aniveau_biblio:m niveau_hierar:0
100 1 _aVásquez, Alejandro A.
999 _c3525
_d3525